000 00558nam a22002297a 4500
999 _c9052
_d9052
001 9052
003 BD-JhCC
005 20180314183557.0
008 180307s1957 nyu|||| |||| 00| 0 eng d
035 _a(BD-JhCC) 9052
040 _aBD-JhCC
_dBD-JhCC
041 _aeng
082 _a925
_bMOO 1957
100 _aMoore, Patrick
245 _aIsaac Newton/
_bPatrick Moore
260 _aLondon :
_bLives To Remember,
_cMoo 1957
300 _a95. P :
_bIll
_c19 cm
650 _aBiography
650 _aScientists
942 _2ddc
_cBK